10 Most Populous Cities in Idaho - Statistics

General Stats
  • This quiz has been taken 22 times
  • The average score is 7 of 10
Answer Stats
Population City % Correct
235,216 Boise
100%
68,699 Idaho Falls
75%
118,587 Nampa
75%
57,544 Coeur d' Alene
69%
139,920 Meridian
69%
58,606 Pocatello
69%
55,896 Twin Falls
69%
40,159 Rexburg
63%
70,901 Caldwell
50%
46,646 Post Falls
25%
No matching quizzes found
Score Distribution
Percent of People with Each Score
Percentile by Number Answered
Your Score History
You have not taken this quiz